| 000 | 00638cab a2200181 4500 | ||
|---|---|---|---|
| 001 | WB2612-23 | ||
| 008 | 090401t1990 xxu||||| |||| 00| 0 eng d | ||
| 035 | _a(Sirsi) u15679 | ||
| 041 | _aeng | ||
| 245 | _aTenant`s intermittant occupation | ||
| 260 | _c1990 | ||
| 350 | _a0 | ||
| 490 |
_aTimes _v16/3/90 p42 |
||
| 520 | _aR v Penwith DC , ex parte Burt QBD 26 February 1990. The district council was wrong not to take into account periods of intermittant occupation by the tenant before withdrawing her housing benefit . Refers to Housing Benefit (General) Regulations . | ||
| 690 | _aHOUSING | ||
| 942 | _n0 | ||
| 948 | _c04/03/1997 | ||
| 999 |
_c10309 _d10309 |
||